Classroom Strategies for Interactive Learning (Record no. 3914)

MARC details
005 - DATE AND TIME OF LATEST TRANSACTION
control field 20250613055853.0
020 ## - INTERNATIONAL STANDARD BOOK NUMBER
International Standard Book Number 978 1 62531 170 2
082 ## - DEWEY DECIMAL CLASSIFICATION NUMBER
Classification number 371.904 BUE
100 ## - MAIN ENTRY--PERSONAL NAME
Author name BUEHI, D.
245 ## - TITLE STATEMENT
Title Classroom Strategies for Interactive Learning
250 ## - EDITION STATEMENT
Edition statement 4th Ed.
260 ## - PUBLICATION, DISTRIBUTION, ETC.
Place of publication, distribution, etc. London,
Name of publisher, distributor, etc. Stenhouse
Date of publication, distribution, etc. 2017.
300 ## - PHYSICAL DESCRIPTION
Extent x, 260p.: Ill.; figures & table
Dimensions 27cm.
942 ## - ADDED ENTRY ELEMENTS (KOHA)
Source of classification or shelving scheme Dewey Decimal Classification
Koha item type Books
Holdings
Date last seen Total checkouts Full call number Barcode Cost, replacement price Price effective from Koha item type Lost status Source of classification or shelving scheme Damaged status Not for loan Withdrawn status Home library Current library Shelving location Date acquired Cost, normal purchase price
06/13/2025   371.904 BUE 00000012881 362232.00 06/13/2025 Books   Dewey Decimal Classification       College of Business Education Main Library College of Business Education Main Library General Collection 09/17/2024 120744.00
06/13/2025   371.904 BUE 00000012882 362232.00 06/13/2025 Books   Dewey Decimal Classification       College of Business Education Main Library College of Business Education Main Library General Collection 09/17/2024 120744.00
06/13/2025   371.904 BUE 00000012883 362232.00 06/13/2025 Books   Dewey Decimal Classification       College of Business Education Main Library College of Business Education Main Library General Collection 09/17/2024 120744.00
06/13/2025   371.904 BUE 00000012884 362232.00 06/13/2025 Books   Dewey Decimal Classification       College of Business Education Main Library College of Business Education Main Library General Collection 09/17/2024 120744.00
06/13/2025   371.904 BUE 00000012885 362232.00 06/13/2025 Books   Dewey Decimal Classification       College of Business Education Main Library College of Business Education Main Library General Collection 09/17/2024 120744.00